| 000 | 00590nam a22002177a 4500 | ||
|---|---|---|---|
| 003 | OSt | ||
| 005 | 20220107122805.0 | ||
| 008 | 150923b xxu||||| |||| 00| 0 eng d | ||
| 020 | _a9788122433937 | ||
| 040 | _cIIITMK | ||
| 082 | _a005.18 KOT/E | ||
| 100 |
_aKothari, D P _97857 |
||
| 245 |
_aEmbedded Systems _cby Kothari, D. P. et. al. |
||
| 260 |
_aNew Delhi, _bNew Age International, _c2015. |
||
| 300 | _axiii, 240p. | ||
| 650 |
_aEMBEDDED SYSTEM _97858 |
||
| 700 |
_aShriram, K. V. _97859 |
||
| 700 |
_aSundaram, R. M. D. _97860 |
||
| 700 |
_aMurali, N. _97861 |
||
| 942 |
_2ddc _cBK |
||
| 999 |
_c4843 _d4843 |
||